书目信息 |
| 题名: |
穿过迷雾把生命看清楚
|
|
| 作者: | 瑞博 , 希永 , 张雷 | |
| 分册: | ||
| 出版信息: | 北京 开明 1999 |
|
| 页数: | 246页 | |
| 开本: | 20cm | |
| 丛书名: | ||
| 单 册: | ||
| 中图分类: | B849:G442 | |
| 科图分类: | ||
| 主题词: | 应用心理学 | |
| 电子资源: | ||
| ISBN: | 7-80133-251-2 | |
| 000 | 00680nam0 2200217 450 | |
| 001 | 0753865015 | |
| 005 | 20070818145745.01 | |
| 010 | @a7-80133-251-2@d¥9.90 | |
| 100 | @a20070818d km y0chiy0120 ea | |
| 101 | 0 | @achi |
| 200 | 1 | @a穿过迷雾把生命看清楚@Achuan guo mi wu ba sheng ming kan qing chu@e学用心理范例集萃@f张雷,希永,瑞博@Fzhang lei,xi yong,rui bo |
| 210 | @a北京@c开明@d1999 | |
| 215 | @a246页@d20cm | |
| 517 | 1 | @a学用心理范例集萃@Axue yong xin li fan li ji cui |
| 606 | 0 | @a应用心理学 |
| 690 | @aB849:G442@v3 | |
| 701 | 0 | @a瑞博@Arui bo |
| 701 | 0 | @a希永@Axi yong |
| 701 | 0 | @a张雷@Azhang lei |
| 801 | 0 | @aCN@bPFT@c20070818 |
| 905 | @a213230@dB849:G442@ee283@f1 | |
| 穿过迷雾把生命看清楚:学用心理范例集萃/张雷,希永,瑞博.-北京:开明,1999 |
| 246页;20cm |
| ISBN 7-80133-251-2:¥9.90 |
| ● |
| 相关链接 |
|
|
|
|
正题名:穿过迷雾把生命看清楚
索取号:B849:G442/e283
 
预约/预借
| 序号 | 登录号 | 条形码 | 馆藏地/架位号 | 状态 | 备注 |
| 1 | 6300394 | 263003948 | 教育系资料室/ [索取号:B849:G442/e283] | 在馆 |